|
|
|
|
| LEADER |
01017nam a2200277 a 4500 |
| 001 |
16097322 |
| 008 |
100629s2009 cb a 000 0 eng d |
| 010 |
|
|
|a \\2010335319
|
| 020 |
|
|
|a 9780821379615
|
| 040 |
|
|
|a DLC
|c DLC
|d BD-DhAAL
|
| 082 |
0 |
0 |
|a 382
|2 22
|
| 245 |
0 |
0 |
|a Doing business 2010 :
|b comparing regulation in 183 economies.
|
| 260 |
|
|
|a Washington, D.C.
|b The International Bank for Reconstruction and Development/ The World Bank,
|c 2009.
|
| 300 |
|
|
|a x, 215 p. :
|b col. ill. ;
|c 27 cm.
|
| 500 |
|
|
|a Cover title.
|
| 541 |
1 |
|
|e 00020454
|
| 650 |
|
0 |
|a Commerce.
|
| 650 |
|
0 |
|a Business
|x Costs
|v Statistics.
|
| 650 |
|
0 |
|a Costs, Industrial
|v Statistics.
|
| 650 |
|
0 |
|a Economic indicators.
|
| 650 |
|
0 |
|a Business law.
|
| 650 |
|
0 |
|a Comparative economics.
|
| 710 |
2 |
|
|a World Bank.
|
| 852 |
4 |
|
|a Ayesha Abed Library
|j General Shelf
|
| 999 |
|
|
|c 9125
|d 9125
|
| 952 |
|
|
|0 0
|1 0
|2 ddc
|4 0
|6 382_DOI_200900000000000
|7 0
|9 11383
|a BRACUL
|b BRACUL
|c GEN
|d 2010-06-30
|l 2
|m 18
|o 382 DOI
|p 3010020454
|r 2014-03-13
|s 2013-10-13
|t 1
|w 2010-06-30
|y BK
|